Letras argentinas de hoy : antologia, iii /
Guardado en:
| Formato: | Libro |
|---|---|
| Publicado: |
Buenos Aires :
De Los Cuatro Vientos,
2001
|
| Materias: | |
| Etiquetas: |
Agregar Etiqueta
Sin Etiquetas, Sea el primero en etiquetar este registro!
|
| LEADER | 00548nam a22001695a 4500 | ||
|---|---|---|---|
| 001 | EHU.bham024082 | ||
| 003 | AR-BHAM | ||
| 005 | 20130507115815.0 | ||
| 008 | 130507s2001##################000#0#####d | ||
| 082 | A | 8 | |a 868.4 |
| 245 | 0 | 0 | |a Letras argentinas de hoy : |b antologia, iii / |
| 260 | |a Buenos Aires : |b De Los Cuatro Vientos, |c 2001 | ||
| 300 | |a 186 p. | ||
| 500 | |a La Biblioteca Posee Los Tomos: I, Ii Y Iii | ||
| 653 | |a Literatura argentina-1911- | ||
| 653 | |a Antologia de textos | ||
| 859 | |a AR-BHAM |b BIB. HUMANIDADES - General |h A868.4 |i L569 |k A |p 627.01 |t Ej.1 |v III | ||
